ბათუმის შოთა რუსთაველის სახელმწიფო უნივერსიტეტის ბიბლიოთეკა

ASSESSMENT for READING INSTRUCTION / (ბიბ.ჩანაწერი № 44317)

000 -LEADER
fixed length control field 00963nam a2200265Ia 4500
001 - CONTROL NUMBER
control field 11075
003 - CONTROL NUMBER IDENTIFIER
control field GE_BSU
005 - DATE AND TIME OF LATEST TRANSACTION
control field 20221117103532.0
008 - FIXED-LENGTH DATA ELEMENTS--GENERAL INFORMATION
fixed length control field 181216s||||||||xx |||||||||||||| ||und||
020 ## - INTERNATIONAL STANDARD BOOK NUMBER
International Standard Book Number 9781606230350(pbk)x
040 ## - CATALOGING SOURCE
Transcribing agency GE_BSU
041 ## - LANGUAGE CODE
Language code of text/sound track or separate title eng
080 ## - UNIVERSAL DECIMAL CLASSIFICATION NUMBER
Universal Decimal Classification number 372 M 65
100 ## - MAIN ENTRY--PERSONAL NAME
Personal name MCKENNA,MICHAEL.C;
9 (RLIN) 15867
245 ## - TITLE STATEMENT
Title ASSESSMENT for READING INSTRUCTION /
Statement of responsibility, etc. MICHAEL.C; MCKENNA, A. KATHERINE, A.DOUGHERTY STAHL
250 ## - EDITION STATEMENT
Edition statement SECOND EDITION.
264 ## - PRODUCTION, PUBLICATION, DISTRIBUTION, MANUFACTURE, AND COPYRIGHT NOTICE
Place of production, publication, distribution, manufacture New York :
Name of producer, publisher, distributor, manufacturer THE GUILFORD PRESS,
Date of production, publication, distribution, manufacture, or copyright notice 2009.
300 ## - PHYSICAL DESCRIPTION
Extent 290 p .:
Other physical details ill;
Dimensions 26cm.
653 ## - INDEX TERM--UNCONTROLLED
keyword ASSESSMENT for READING INSTRUCTION.
653 ## - INDEX TERM--UNCONTROLLED
keyword შეფასება კითხვის ინსტრუქციისთვის.
653 ## - INDEX TERM--UNCONTROLLED
keyword შემოსულია ტემპუსის პროექტითტემპუსის პროექტით
700 ## - ADDED ENTRY--PERSONAL NAME
Personal name KATHERINE, A.
9 (RLIN) 15868
700 ## - ADDED ENTRY--PERSONAL NAME
Personal name DOUGHERTY, STAHL.
9 (RLIN) 15869
942 ## - ADDED ENTRY ELEMENTS (KOHA)
Koha item type წიგნი
Source of classification or shelving scheme
ეგზემპლარები
Withdrawn status Lost status Source of classification or shelving scheme Damaged status Not for loan Permanent Location Current Location Shelving location Date acquired Cost, normal purchase price Full call number Barcode Date last seen Copy number Price effective from Koha item type Public note
          ბათუმის შოთა რუსთაველის სახელმწიფო უნივერსიტეტის მთავარი ბიბლიოთეკა ბათუმის შოთა რუსთაველის სახელმწიფო უნივერსიტეტის მთავარი ბიბლიოთეკა წიგნსაცავი 2018-12-17 77.00 372 M 65 35449 2018-12-17 35449 2018-12-17 წიგნი 77ლ.